000 00620nam a2200253Ia 4500
001 46473
005 20240114003753.0
007 ta
008 090331s1969 g b000 u 465 u
020 _cHB
040 _aCotton College,Assam
041 _a465
082 _a001
_bIn 6 C
100 _aInnes, Hammond .
245 0 _aThe Conquistadors /
_cHammond Innes.
_hTextual Documents
250 _a1st ed /
260 _aLondon :
_bFontana/Collins ,
_c1969.
300 _a336p ;
_c28 cm.
653 _aGeneral
653 _aT/G-General
942 _2ddc
_cBK
999 _c46438
_d46438